00640nam a22001457a 4500008004000000050002000040111006900060245016700129260005000296300002200346440002800368650003400396650002800430700003600458130409t mx||||| |||| 00| 0 spa d aB63 . C64b1976 2aColoquio Nacional de Filosofía d(1° : 1975cMorelia, Mexico)13aLa filosofía y las ciencias sociales : bPrimer Coloquio Nacional de Filosofia, Morelia, Mich., México, 4-9 de agosto de 1975 /cJ. L. Balcárcel...[et al]. aMorelia, Mich., México : bGrijalbo, c1976 a332 p. ; c20 cm. 0aTeoria y praxis ; v24  4aFilosofia y ciencias sociales 4aEnsayos y conferencias 1 aBalcárcel, Jose Luis qcoaut.